Statistiken für Zeitungen im deutschsprachigen Raum

Klicken Sie hier um das Quiz zu spielen!

Allgemein

  • Dieses Quiz wurde 133 mal gespielt
  • Das Durchschnittsergebnis liegt bei 5 aus 15

Antwortstatistiken

AuflageZeitung% Korrekt
2.099.909Bild
96%
305.257Frankfurter Allgemeine
83%
381.844Süddeutsche Zeitung
55%
817.068Kronen Zeitung
45%
213.738Tages-Anzeiger
43%
143.009Neue Zürcher Zeitung
29%
231.235Blick
24%
161.246Kurier
19%
373.200Westdeutsche Allgemeine
16%
318.048Rheinische Post
15%
440.596Österreich
14%
605.526Heute
13%
288.382Kleine Zeitung
8%
202.670az Nordwestschweiz
3%
129.050Luzerner Zeitung
2%

Verteilung der Resultate

Perzentil nach korrekt beantworteten Fragen

Anzahl Personen mit jedem Resultat

Ihre Resultats-Entwicklung

Sie haben dieses Quiz noch nicht gespielt